| Tag |
First Indicator |
Second Indicator |
Subfields |
| LEADER |
00000cam a2200000 a 4500 |
| 001 |
in00002425389 |
| 005 |
20151109152852.0 |
| 008 |
080912s2008 gw a b 000 0 ger c |
| 016 |
7 |
|
|a 988481642
|2 GyFmDB
|
| 020 |
|
|
|a 9783886613113 (pbk.)
|
| 020 |
|
|
|a 3886613119 (pbk.)
|
| 029 |
0 |
|
|a OHX
|b har080070859
|
| 035 |
|
|
|a (OCoLC)ocn251302361
|
| 035 |
|
|
|a (OCoLC)251302361
|
| 040 |
|
|
|a OHX
|c OHX
|d OSU
|d TXA
|d UtOrBLW
|
| 042 |
|
|
|a pcc
|
| 043 |
|
|
|a e-sz---
|
| 049 |
|
|
|a TXAM
|
| 050 |
|
4 |
|a PT2680.N344
|b Z75 2008
|
| 072 |
|
7 |
|a PT
|2 lcco
|
| 245 |
0 |
4 |
|a Das Theater von Hansjörg Schneider /
|c herausgegeben von Urs Bircher.
|
| 264 |
|
1 |
|a Frankfurt am Main :
|b Verlag der Autoren,
|c [2008]
|
| 264 |
|
4 |
|c ©2008
|
| 300 |
|
|
|a 212 pages :
|b illustrations ;
|c 19 cm +
|e 1 CD (4 3/4 in.).
|
| 336 |
|
|
|a text
|b txt
|2 rdacontent
|
| 337 |
|
|
|a unmediated
|b n
|2 rdamedia
|
| 338 |
|
|
|a volume
|b nc
|2 rdacarrier
|
| 490 |
1 |
|
|a Dramatikerbibliothek
|
| 500 |
|
|
|a Title on accompanying CD: Hansjörg Schneider liest Sennentuntschi.
|
| 504 |
|
|
|a Includes bibliographical references.
|
| 600 |
1 |
0 |
|a Schneider, Hansjörg,
|d 1938-
|
| 600 |
1 |
0 |
|a Schneider, Hansjörg,
|d 1938-
|v Interviews.
|
| 650 |
|
0 |
|a Authors, Swiss
|y 20th century
|v Biography.
|
| 650 |
|
0 |
|a Theater
|z Switzerland.
|
| 700 |
1 |
|
|a Bircher, Urs.
|
| 740 |
0 |
2 |
|a Sennentuntschi.
|
| 830 |
|
0 |
|a Dramatikerbibliothek.
|
| 938 |
|
|
|a Otto Harrassowitz
|b HARR
|n har080070859
|c 24.16 CAD
|
| 948 |
|
|
|a cataloged
|b h
|c 2008/10/24
|d c
|e jgreene
|f 2:44:11 pm
|
| 994 |
|
|
|a C0
|b TXA
|
| 999 |
|
|
|a MARS
|
| 999 |
f |
f |
|s 2fdb20ce-a782-357f-ab6f-b2715af36384
|i e59cb847-fa8b-3ec5-a730-1320622a2c63
|t 0
|
| 952 |
f |
f |
|p normal
|a Texas A&M University
|b College Station
|c Sterling C. Evans Library
|d Evans: Library Stacks
|t 0
|e PT2680.N344 Z75 2008
|h Library of Congress classification
|i unmediated -- volume
|m A14834307669
|
| 998 |
f |
f |
|a PT2680.N344 Z75 2008
|t 0
|l Evans: Library Stacks
|